000 01142nam a2200241Ii 4500
003 JO-AjNU
005 20240625112316.0
008 230605s9999||||xx |||||||||||||| ||und||
040 _aJO-AjNU
_bara
_erda
_cJO-AjNU
041 _aara
050 1 4 _aHG3368.2020
100 1 _aعمايرة، يوسف مصطفى احمد
_965617
245 0 0 _aالعوامل المؤثرة في اختيار المصارف الاسلامية من قبل العملاء = Factors affecting the selection of islamic banks by customers /
_cاعداد يوسف مصطفى احمد عمايرة ؛ إشراف محي الدين يعقوب ابو الهول
260 _c2020
300 _a132 ورقة
336 _atext
_btxt
_2rdacontent
337 _aunmediated
_bn
_2rdamedia
338 _avolume
_bnc
_2rdacarrier
500 _aرسالة ماجستير - تخصص المصارف الاسلامية ، كلية ادارة الاعمال، جامعة عجلون الوطنية، 2020
650 4 _aالمصارف الاسلامية - العملاء
_959784
700 1 _aابو الهول، محي الدين يعقوب
_964950
_eمشرف
942 _2lcc
_cTHS
999 _c30488
_d30488